[Event "2015 Battle of Alberta"]
[Site "Red Deer"]
[Date "2015.09.12"]
[Round "1.1"]
[White "Pechenkin, Vladimir"]
[Black "Yam, Alex"]
[Result "1/2-1/2"]
[WhiteElo "2379"]
[BlackElo "2386"]
[PlyCount "56"]
[EventDate "2015.09.12"]
[EventType "team-match"]
[EventRounds "2"]
[EventCountry "CAN"]
[WhiteTeam "North"]
[BlackTeam "South"]
[WhiteTeamCountry "CAN"]
[BlackTeamCountry "CAN"]

1. c4 Nf6 2. g3 g6 3. Bg2 Bg7 4. Nc3 O-O 5. d3 e5 6. e4 d6 7. Nge2 Be6 8. h3
Qd7 9. Be3 Na6 10. Qd2 c6 11. f4 h5 12. Rd1 Rfe8 13. b3 b5 14. cxb5 cxb5 15. d4
Qb7 16. fxe5 dxe5 17. d5 Bd7 18. O-O b4 19. Na4 Bxa4 20. bxa4 Rac8 21. Rb1 Qd7
22. Rfc1 Qxa4 23. Bxa7 Bf8 24. Be3 Bd6 25. Kh2 Nd7 26. Rb2 Rxc1 27. Nxc1 Rc8
28. Nb3 Rc7 1/2-1/2

[Event "2015 Battle of Alberta"]
[Site "Red Deer"]
[Date "2015.09.12"]
[Round "1.2"]
[White "Kazmaier, Daniel "]
[Black "Arruebarrena, Rafael"]
[Result "1-0"]
[WhiteElo "2310"]
[BlackElo "2354"]
[PlyCount "103"]
[EventDate "2015.09.12"]
[EventType "team-match"]
[EventRounds "2"]
[EventCountry "CAN"]
[WhiteTeam "South"]
[BlackTeam "North"]
[WhiteTeamCountry "CAN"]
[BlackTeamCountry "CAN"]

1. g3 Nf6 2. Bg2 d5 3. Nf3 g6 4. c4 dxc4 5. Qa4+ c6 6. Qxc4 Bg7 7. Nc3 Nbd7 8.
d4 O-O 9. O-O Nb6 10. Qd3 Be6 11. b3 c5 12. dxc5 Nfd5 13. Nxd5 Bxa1 14. cxb6
Qxd5 15. Qxd5 Bxd5 16. Be3 Bf6 17. bxa7 Rfd8 18. Rd1 e6 19. Rd3 Rdc8 20. Nd2
Rc1+ 21. Nf1 Rc3 22. Rd2 Bxg2 23. Kxg2 Bd8 24. b4 Bc7 25. Rd7 b6 26. a4 Rxa7
27. a5 Ra6 28. axb6 Bxb6 29. b5 Rxe3 30. Nxe3 Ra4 31. Kf3 Rb4 32. Ng4 Rxb5 33.
Nf6+ Kf8 34. g4 h5 35. h3 Ba5 36. e3 hxg4+ 37. hxg4 Rb2 38. g5 Bb6 39. Rd6 Ke7
40. Rd7+ Kf8 41. Ne4 Rb5 42. Rxf7+ Kxf7 43. Nd6+ Ke7 44. Nxb5 Ba5 45. Ke4 Be1
46. f4 Bd2 47. Nd4 Kd6 48. Nf3 Bc3 49. Nh4 e5 50. Nxg6 exf4 51. exf4 Ke6 52.
f5+ 1-0

[Event "2015 Battle of Alberta"]
[Site "Red Deer"]
[Date "2015.09.12"]
[Round "1.3"]
[White "Banerjee, Bitan"]
[Black "Ng, Gary"]
[Result "1-0"]
[WhiteElo "2312"]
[BlackElo "2301"]
[PlyCount "63"]
[EventDate "2015.09.12"]
[EventType "team-match"]
[EventRounds "2"]
[EventCountry "CAN"]
[WhiteTeam "North"]
[BlackTeam "South"]
[WhiteTeamCountry "CAN"]
[BlackTeamCountry "CAN"]

1. d4 Nf6 2. c4 e6 3. Nf3 b6 4. g3 Ba6 5. Qc2 d5 6. Nbd2 Be7 7. Bg2 O-O 8. O-O
c5 9. Rd1 Nc6 10. Qa4 Qc8 11. dxc5 dxc4 12. b4 b5 13. Qa3 Nd5 14. Ne1 Ndxb4 15.
Ne4 Nd5 16. Bf4 Nxf4 17. gxf4 b4 18. Qa4 Rb8 19. Nd6 Bxd6 20. cxd6 Bb5 21. Qc2
c3 22. Nf3 Qa6 23. Ng5 g6 24. Qe4 Bxe2 25. Re1 Bb5 26. f5 exf5 27. Qh4 h5 28.
Bd5 Nd8 29. Nxf7 Nxf7 30. Qf6 Rb6 31. Re7 Be8 32. Rxe8 1-0

[Event "2015 Battle of Alberta"]
[Site "Red Deer"]
[Date "2015.09.12"]
[Round "1.4"]
[White "Zhang, David"]
[Black "Valencia, Belsar"]
[Result "1/2-1/2"]
[WhiteElo "2298"]
[BlackElo "2299"]
[PlyCount "81"]
[EventDate "2015.09.12"]
[EventType "team-match"]
[EventRounds "2"]
[EventCountry "CAN"]
[WhiteTeam "South"]
[BlackTeam "North"]
[WhiteTeamCountry "CAN"]
[BlackTeamCountry "CAN"]

1. e4 c5 2. Nf3 e6 3. c3 Nf6 4. Bd3 Nc6 5. O-O d5 6. e5 Nd7 7. Re1 Qc7 8. Qe2
Be7 9. h4 b6 10. Bc2 Bb7 11. a3 c4 12. d4 cxd3 13. Bxd3 Nc5 14. Bc2 h6 15. b4
Ne4 16. Bxe4 dxe4 17. Qxe4 Nxb4 18. Qe2 Na6 19. Nd4 Nc5 20. Nd2 a6 21. Rb1 b5
22. c4 Rd8 23. Qg4 g5 24. N2b3 Nxb3 25. Nxb3 bxc4 26. Nd4 h5 27. Nxe6 fxe6 28.
Qxe6 Qc6 29. Qxc6+ Bxc6 30. Bxg5 Rg8 31. Rb6 Bxg5 32. Rxc6 Bd2 33. Rb1 c3 34.
Re6+ Kd7 35. Rbb6 Rb8 36. Rbd6+ Kc8 37. Rc6+ Kd7 38. Rcd6+ Kc8 39. Rc6+ Kd7 40.
Red6+ Ke8 41. Re6+ 1/2-1/2

[Event "2015 Battle of Alberta"]
[Site "Red Deer"]
[Date "2015.09.12"]
[Round "1.5"]
[White "Matras-Clement, Agnieszka"]
[Black "Haessel, Dale"]
[Result "0-1"]
[WhiteElo "2294"]
[BlackElo "2246"]
[PlyCount "70"]
[EventDate "2015.09.12"]
[EventType "team-match"]
[EventRounds "2"]
[EventCountry "CAN"]
[WhiteTeam "North"]
[BlackTeam "South"]
[WhiteTeamCountry "CAN"]
[BlackTeamCountry "CAN"]

1. e4 e5 2. Nf3 Nc6 3. Bb5 Nf6 4. Qe2 Bc5 5. c3 O-O 6. O-O d6 7. h3 Bb6 8. d3
Ne7 9. Be3 Ng6 10. Nbd2 c6 11. Ba4 Nh5 12. Rfe1 Nhf4 13. Qf1 f5 14. Bb3+ Kh8
15. Kh2 Bc7 16. Ng1 Nxg2 17. Qxg2 f4 18. Ndf3 fxe3 19. fxe3 Qe7 20. Ng5 h6 21.
N5f3 Rf6 22. Ne2 Bd7 23. Ng3 Raf8 24. Rf1 d5 25. exd5 e4 26. dxe4 Qxe4 27. Bc2
Qxe3 28. Rae1 Qc5 29. Nd4 Nf4 30. Qe4 g6 31. Ne6 Bxe6 32. dxe6 Rxe6 33. Qd4+
Qxd4 34. cxd4 Rxe1 35. Rxe1 Nh5 0-1

[Event "2015 Battle of Alberta"]
[Site "Red Deer"]
[Date "2015.09.12"]
[Round "1.6"]
[White "Shi, Diwen"]
[Black "Miller, David"]
[Result "0-1"]
[WhiteElo "2242"]
[BlackElo "2285"]
[PlyCount "101"]
[EventDate "2015.09.12"]
[EventType "team-match"]
[EventRounds "2"]
[EventCountry "CAN"]
[WhiteTeam "South"]
[BlackTeam "North"]
[WhiteTeamCountry "CAN"]
[BlackTeamCountry "CAN"]

1. e4 c5 2. Nf3 d6 3. d4 cxd4 4. Nxd4 Nf6 5. Nc3 a6 6. Be2 e5 7. Nb3 Be7 8. Bg5
Be6 9. Bxf6 Bxf6 10. Qd3 Be7 11. Nd5 Bxd5 12. Qxd5 Qc7 13. c3 Nd7 14. Na5 Nc5
15. Nc4 O-O 16. O-O Rad8 17. g3 Nd7 18. Bf3 b5 19. Ne3 Bg5 20. Nf5 Nf6 21. Qd1
g6 22. h4 gxf5 23. hxg5 Nxe4 24. Bxe4 fxe4 25. Qg4 d5 26. Kg2 Qd7 27. Qh5 Qf5
28. Rh1 f6 29. g4 Qg6 30. Qxg6+ hxg6 31. Rh6 Kg7 32. Rah1 fxg5 33. Rh7+ Kf6 34.
Ra7 Rd6 35. Kf1 Rf7 36. Rxf7+ Kxf7 37. Rh7+ Kf6 38. Ra7 d4 39. Ke2 Ke6 40. Rg7
Kd5 41. Re7 d3+ 42. Kd2 Rf6 43. Ke1 e3 44. fxe3 Ke4 45. b3 Rf3 46. Re6 Rxe3+
47. Kd1 Rg3 48. c4 bxc4 49. bxc4 Kd4 50. c5 Kc3 51. Rxe5 0-1

[Event "2015 Battle of Alberta"]
[Site "Red Deer"]
[Date "2015.09.12"]
[Round "1.7"]
[White "Haynes, Nicolas"]
[Black "Leuchanka, Siarhei"]
[Result "1-0"]
[WhiteElo "2277"]
[BlackElo "2227"]
[PlyCount "107"]
[EventDate "2015.09.12"]
[EventType "team-match"]
[EventRounds "2"]
[EventCountry "CAN"]
[WhiteTeam "North"]
[BlackTeam "South"]
[WhiteTeamCountry "CAN"]
[BlackTeamCountry "CAN"]

1. d4 d5 2. c4 c6 3. Nf3 Nf6 4. e3 a6 5. Bd3 b5 6. cxd5 cxd5 7. Ne5 e6 8. O-O
Be7 9. a4 b4 10. a5 O-O 11. Qc2 Bb7 12. Bd2 Bd6 13. f4 Ne4 14. Bxe4 dxe4 15.
Nc4 Nc6 16. Be1 Be7 17. Nbd2 f5 18. Nb6 Rb8 19. Qb3 Nxa5 20. Qxe6+ Kh8 21. Rxa5
Rf6 22. Qa2 Rxb6 23. Rxf5 Rb5 24. Rxb5 axb5 25. Bg3 Ra8 26. Qb1 Qd5 27. Rc1 Bd6
28. Qc2 h6 29. Qb3 Qxb3 30. Nxb3 Bd5 31. Nd2 Kh7 32. f5 Bxg3 33. hxg3 Ra2 34.
Rc5 Rxb2 35. Rxd5 Rxd2 36. Rxb5 Re2 37. Rxb4 Rxe3 38. Kf2 Rd3 39. g4 Kg8 40.
Rb8+ Kf7 41. Rd8 Ke7 42. Rd5 Kf6 43. Rd7 Rc3 44. Rd6+ Kg5 45. Rg6+ Kf4 46. Rxg7
e3+ 47. Ke2 Rc2+ 48. Kd3 Rd2+ 49. Kc3 Rxg2 50. f6 Ke4 51. Re7+ Kd5 52. Re5+ Kd6
53. Rf5 Rxg4 54. f7 1-0

[Event "2015 Battle of Alberta"]
[Site "Red Deer"]
[Date "2015.09.12"]
[Round "1.8"]
[White "Rekhson, Vladislav"]
[Black "Gardner, Robert"]
[Result "0-1"]
[WhiteElo "2207"]
[BlackElo "2256"]
[PlyCount "86"]
[EventDate "2015.09.12"]
[EventType "team-match"]
[EventRounds "2"]
[EventCountry "CAN"]
[WhiteTeam "South"]
[BlackTeam "North"]
[WhiteTeamCountry "CAN"]
[BlackTeamCountry "CAN"]

1. e4 g6 2. Nc3 Bg7 3. f4 c6 4. d4 b5 5. Nf3 b4 6. Nb1 Nf6 7. e5 Nd5 8. a3 O-O
9. Bc4 Qb6 10. O-O d6 11. axb4 Qxb4 12. b3 Bg4 13. h3 Bxf3 14. Qxf3 Qb6 15. Qf2
Nd7 16. Bd2 Qc7 17. Nc3 N5b6 18. Bd3 e6 19. Ne4 d5 20. Nd6 f5 21. g4 Nc8 22.
Bb4 c5 23. dxc5 fxg4 24. Qe3 a5 25. Nb5 Qb8 26. Ba3 Ne7 27. Nd4 Re8 28. hxg4
Nf8 29. Bb5 Rc8 30. Kg2 g5 31. c6 gxf4 32. Qxf4 Neg6 33. Qf7+ Kh8 34. Bd6 Qb6
35. c3 Nxe5 36. Qb7 Qd8 37. Be7 Qe8 38. Rae1 Qg6 39. g5 Qh5 40. Be2 Qh4 41. Bf6
Bxf6 42. gxf6 Nfd7 43. f7 Rg8+ 0-1

[Event "2015 Battle of Alberta"]
[Site "Red Deer"]
[Date "2015.09.12"]
[Round "1.10"]
[White "Kostadinov, Georgi"]
[Black "Hughey, Micah"]
[Result "1/2-1/2"]
[WhiteElo "2091"]
[BlackElo "2148"]
[PlyCount "40"]
[EventDate "2015.09.12"]
[EventType "team-match"]
[EventRounds "2"]
[EventCountry "CAN"]
[WhiteTeam "South"]
[BlackTeam "North"]
[WhiteTeamCountry "CAN"]
[BlackTeamCountry "CAN"]

1. d4 d5 2. c4 e6 3. Nf3 c5 4. cxd5 exd5 5. g3 Nc6 6. Bg2 Nf6 7. Nc3 Be7 8.
dxc5 d4 9. Na4 O-O 10. O-O Bf5 11. Bd2 Be4 12. b4 Qd5 13. Qb3 Qh5 14. b5 Ne5
15. Nxe5 Bxg2 16. Kxg2 Qxe5 17. Bf4 Qe4+ 18. Qf3 Qc2 19. Qb3 Qe4+ 20. Qf3 Qc2
1/2-1/2

[Event "2015 Battle of Alberta"]
[Site "Red Deer"]
[Date "2015.09.12"]
[Round "1.11"]
[White "Briones, Dante"]
[Black "Daniluk, Jim"]
[Result "1-0"]
[WhiteElo "1987"]
[BlackElo "2019"]
[PlyCount "127"]
[EventDate "2015.09.12"]
[EventType "team-match"]
[EventRounds "2"]
[EventCountry "CAN"]
[WhiteTeam "North"]
[BlackTeam "South"]
[WhiteTeamCountry "CAN"]
[BlackTeamCountry "CAN"]

1. e4 c5 2. Nf3 Nc6 3. d3 g6 4. g3 Bg7 5. Bg2 e6 6. c3 Nge7 7. d4 cxd4 8. cxd4
O-O 9. O-O Qb6 10. Nc3 Nxd4 11. Nxd4 Qxd4 12. Qe2 d5 13. Nb5 Qc4 14. Qxc4 dxc4
15. Nd6 Bd7 16. Bg5 Nc6 17. Nxc4 b5 18. Nd6 Rab8 19. Rad1 Bxb2 20. Rb1 Be5 21.
Nxb5 a6 22. Na3 Na5 23. Be7 Rfe8 24. Bb4 Nc6 25. Bc5 Bd4 26. Bd6 Rb2 27. Rxb2
Bxb2 28. Nc4 Bd4 29. e5 Ne7 30. Rd1 Ba7 31. Bc7 Nd5 32. Ba5 Rc8 33. Bf1 Bb5 34.
Na3 Ba4 35. Rb1 Bc5 36. Nc4 Bb5 37. Rc1 Bd4 38. Bd2 Rxc4 39. Rxc4 Bxc4 40. Bxc4
Bc3 41. Bxc3 Nxc3 42. Kf1 Kf8 43. Ke1 a5 44. f3 Ke7 45. Kd2 Na4 46. Bb5 Nb6 47.
Kd3 f6 48. f4 h6 49. Kd4 g5 50. Bc6 fxe5+ 51. fxe5 Nd7 52. Bxd7 Kxd7 53. Kc5
Kc7 54. a4 Kd7 55. g4 Kc7 56. Kb5 Kb7 57. Kxa5 Kc6 58. Kb4 Kd5 59. a5 Kxe5 60.
a6 Kf4 61. a7 Kxg4 62. a8=Q Kh3 63. Qb8 h5 64. Qg3# 1-0

[Event "2015 Battle of Alberta"]
[Site "Red Deer"]
[Date "2015.09.12"]
[Round "1.12"]
[White "Fellah, Mohamad"]
[Black "Zeggelaar, Mike"]
[Result "0-1"]
[WhiteElo "1897"]
[BlackElo "1985"]
[PlyCount "56"]
[EventDate "2015.09.12"]
[EventType "team-match"]
[EventRounds "2"]
[EventCountry "CAN"]
[WhiteTeam "South"]
[BlackTeam "North"]
[WhiteTeamCountry "CAN"]
[BlackTeamCountry "CAN"]

1. e4 c5 2. Nf3 d6 3. d4 cxd4 4. Nxd4 Nf6 5. Nc3 g6 6. f3 Bg7 7. Be3 O-O 8. Qd2
Nc6 9. Bc4 Bd7 10. O-O-O Rc8 11. Bb3 Nxd4 12. Bxd4 b5 13. Bxa7 Qa5 14. Bd4 b4
15. Nd5 Nxd5 16. Bxg7 Kxg7 17. exd5 Ba4 18. Qd4+ Kg8 19. Rhe1 Rc7 20. Bxa4 Qxa4
21. c3 Rfc8 22. Rd3 Rc4 23. Qe3 Qxa2 24. Re2 Qa1+ 25. Kd2 bxc3+ 26. bxc3 Ra8
27. Qxe7 Ra2+ 28. Ke3 Qg1+ 0-1

[Event "2015 Battle of Alberta"]
[Site "Red Deer"]
[Date "2015.09.12"]
[Round "2.1"]
[White "Yam, Alex"]
[Black "Pechenkin, Vladimir"]
[Result "0-1"]
[WhiteElo "2386"]
[BlackElo "2379"]
[PlyCount "118"]
[EventDate "2015.09.12"]
[EventType "team-match"]
[EventRounds "2"]
[EventCountry "CAN"]
[WhiteTeam "South"]
[BlackTeam "North"]
[WhiteTeamCountry "CAN"]
[BlackTeamCountry "CAN"]

1. Nf3 d5 2. c4 e6 3. g3 Nf6 4. Bg2 Be7 5. O-O O-O 6. b3 c5 7. e3 Nc6 8. Bb2 b6
9. Nc3 Bb7 10. d4 dxc4 11. bxc4 cxd4 12. Nxd4 Qc8 13. Qa4 Nxd4 14. exd4 Bxg2
15. Kxg2 Rd8 16. Kg1 Qb7 17. Rfe1 Bf8 18. Nd1 Ne4 19. Ne3 Ng5 20. Red1 Nf3+ 21.
Kf1 Nxh2+ 22. Kg1 Nf3+ 23. Kf1 Qe4 24. Qc2 Qxc2 25. Nxc2 Ng5 26. Ne3 Ne4 27.
Kg2 Rac8 28. Rac1 Be7 29. Ng4 Nd6 30. Ne3 Bf6 31. Rc2 h6 32. f4 Rc7 33. Kf3
Rdc8 34. Rdc1 Nb7 35. Bc3 h5 36. Rb1 Nd6 37. Bb4 Nxc4 38. Rbc1 b5 39. a4 a6 40.
d5 exd5 41. axb5 axb5 42. Nxd5 Nd2+ 43. Rxd2 Rxc1 44. Nxf6+ gxf6 45. Rd5 Rb1
46. Be7 Rc3+ 47. Kg2 Rb2+ 48. Kh3 Rcc2 49. Rxh5 Rh2+ 50. Kg4 Rxh5 51. Kxh5 Kg7
52. Kg4 Re2 53. Bc5 Rc2 54. Be7 Kg6 55. Kf3 f5 56. Ke3 Rc3+ 57. Kd4 Rxg3 58.
Bb4 Rf3 59. Bd2 b4 0-1

[Event "2015 Battle of Alberta"]
[Site "Red Deer"]
[Date "2015.09.12"]
[Round "2.2"]
[White "Arruebarrena, Rafael"]
[Black "Kazmaier, Daniel"]
[Result "1-0"]
[WhiteElo "2354"]
[BlackElo "2310"]
[PlyCount "77"]
[EventDate "2015.09.12"]
[EventType "team-match"]
[EventRounds "2"]
[EventCountry "CAN"]
[WhiteTeam "North"]
[BlackTeam "South"]
[WhiteTeamCountry "CAN"]
[BlackTeamCountry "CAN"]

1. e4 e6 2. d4 d5 3. Nc3 Bb4 4. e5 c5 5. a3 Bxc3+ 6. bxc3 Qa5 7. Bd2 Qa4 8. Qg4
Kf8 9. Nf3 Nc6 10. Bd3 c4 11. Be2 Qxc2 12. Rc1 Qb3 13. h4 Nge7 14. h5 h6 15.
Bd1 Qxa3 16. Bc2 b5 17. Rh3 Nf5 18. Qf4 Bd7 19. g4 Nfe7 20. Bg6 Nd8 21. Nh4 Ke8
22. Bb1 Nec6 23. g5 Qe7 24. gxh6 gxh6 25. Rg3 a5 26. Qxh6 Qf8 27. Qg5 b4 28. h6
bxc3 29. Be3 Nxd4 30. Bxd4 Nc6 31. Ng6 Qa3 32. Rgxc3 Qb4 33. Nxh8 Nxd4 34. Qg8+
Ke7 35. Qxa8 Nb3 36. Nxf7 Kxf7 37. Kf1 Nd2+ 38. Kg1 Qe7 39. Rg3 1-0

[Event "2015 Battle of Alberta"]
[Site "Red Deer"]
[Date "2015.09.12"]
[Round "2.3"]
[White "Ng, Gary"]
[Black "Banerjee, Bitan"]
[Result "0-1"]
[WhiteElo "2301"]
[BlackElo "2312"]
[PlyCount "64"]
[EventDate "2015.09.12"]
[EventType "team-match"]
[EventRounds "2"]
[EventCountry "CAN"]
[WhiteTeam "South"]
[BlackTeam "North"]
[WhiteTeamCountry "CAN"]
[BlackTeamCountry "CAN"]

1. b4 Nf6 2. Bb2 g6 3. c4 Bg7 4. Nf3 O-O 5. g3 d6 6. Bg2 e5 7. d3 c6 8. O-O h6
9. a4 a5 10. b5 Be6 11. Nc3 Nh5 12. Qc2 f5 13. Rab1 Qc7 14. Ba3 Nd7 15. Nd2
Nhf6 16. Rb3 c5 17. b6 Nxb6 18. Rfb1 Ra6 19. Qb2 Nfd7 20. e4 f4 21. Rb5 g5 22.
f3 h5 23. Qb3 g4 24. Nd5 Bxd5 25. cxd5 Qd8 26. Nc4 Nxc4 27. Qxc4 fxg3 28. hxg3
gxf3 29. Bh3 Qg5 30. Be6+ Kh8 31. Qc2 Qxg3+ 32. Kh1 Rf4 0-1

[Event "2015 Battle of Alberta"]
[Site "Red Deer"]
[Date "2015.09.12"]
[Round "2.4"]
[White "Valencia, Belsar"]
[Black "Zhang, David"]
[Result "1-0"]
[WhiteElo "2299"]
[BlackElo "2298"]
[PlyCount "75"]
[EventDate "2015.09.12"]
[EventType "team-match"]
[EventRounds "2"]
[EventCountry "CAN"]
[WhiteTeam "North"]
[BlackTeam "South"]
[WhiteTeamCountry "CAN"]
[BlackTeamCountry "CAN"]

1. d4 Nf6 2. Nf3 g6 3. Bf4 Bg7 4. h3 O-O 5. Nbd2 c5 6. e3 Nc6 7. c3 d6 8. Be2
cxd4 9. cxd4 Qb6 10. O-O Nd5 11. Nc4 Qd8 12. Bh2 b5 13. Ncd2 a6 14. a4 b4 15.
e4 Nb6 16. a5 Nxd4 17. Nxd4 Bxd4 18. axb6 Bxb2 19. Ra5 Qxb6 20. Nc4 Qc7 21. Qa4
Bc3 22. e5 d5 23. e6 Qb7 24. exf7+ Rxf7 25. Ne5 Rf5 26. Ng4 Rf8 27. Qb3 h5 28.
Ne5 Rf6 29. Nd3 Be6 30. Rc5 d4 31. Qd1 Rc8 32. Bf3 Qb6 33. Rxc8+ Bxc8 34. Be5
Rf7 35. Bd5 Be6 36. Bc7 Qxc7 37. Bxe6 Qd6 38. Qb3 1-0

[Event "2015 Battle of Alberta"]
[Site "Red Deer"]
[Date "2015.09.12"]
[Round "2.5"]
[White "Haessel, Dale"]
[Black "Matras-Clement, Agnieszka"]
[Result "1/2-1/2"]
[WhiteElo "2294"]
[BlackElo "2246"]
[PlyCount "115"]
[EventDate "2015.09.12"]
[EventType "team-match"]
[EventRounds "2"]
[EventCountry "CAN"]
[WhiteTeam "South"]
[BlackTeam "North"]
[WhiteTeamCountry "CAN"]
[BlackTeamCountry "CAN"]

1. d4 d5 2. c4 c6 3. Nf3 Nf6 4. e3 Bf5 5. Nc3 e6 6. Nh4 Bg6 7. Qb3 Qb6 8. Nxg6
hxg6 9. Bd2 Nbd7 10. Be2 Be7 11. Qc2 O-O 12. O-O dxc4 13. Bxc4 c5 14. dxc5 Nxc5
15. Rac1 Rac8 16. Rfd1 a6 17. Qb1 Rfd8 18. b4 Ncd7 19. Be2 Ne5 20. Na4 Rxc1 21.
Qxc1 Qc6 22. Qxc6 Nxc6 23. a3 Ne5 24. f4 Ne4 25. Be1 Rxd1 26. Bxd1 Nc4 27. Bf3
Ned6 28. e4 Nxa3 29. e5 Nf5 30. Bxb7 Nc2 31. Bc3 Nxb4 32. Bxb4 Bxb4 33. Bxa6
Bd2 34. g3 g5 35. fxg5 Bxg5 36. Kf2 Be3+ 37. Kf3 Bd4 38. Ke4 Bg1 39. g4 Ne3 40.
h3 Nd1 41. Bf1 g5 42. Kf3 Bd4 43. Ke4 Ba7 44. Kf3 Ne3 45. Bb5 Nd5 46. Nb2 Nf4
47. Bf1 Bd4 48. Nc4 Ng6 49. Ke4 Bc3 50. Bd3 Kf8 51. Kf3 Nf4 52. Bf1 Ke7 53. h4
Ng6 54. h5 Nxe5+ 55. Nxe5 Bxe5 56. Bd3 Kd6 57. Bh7 Bg7 58. Ke4 1/2-1/2

[Event "2015 Battle of Alberta"]
[Site "Red Deer"]
[Date "2015.09.12"]
[Round "2.6"]
[White "Miller, David"]
[Black "Shi, Diwen"]
[Result "1/2-1/2"]
[WhiteElo "2285"]
[BlackElo "2242"]
[PlyCount "62"]
[EventDate "2015.09.12"]
[EventType "team-match"]
[EventRounds "2"]
[EventCountry "CAN"]
[WhiteTeam "North"]
[BlackTeam "South"]
[WhiteTeamCountry "CAN"]
[BlackTeamCountry "CAN"]

1. e4 c5 2. Nf3 d6 3. d4 cxd4 4. Nxd4 Nf6 5. Nc3 g6 6. Be3 Bg7 7. f3 Nc6 8. Qd2
O-O 9. Bc4 Bd7 10. O-O-O Rc8 11. Bb3 Ne5 12. Kb1 Nc4 13. Bxc4 Rxc4 14. g4 b5
15. b3 b4 16. bxc4 bxc3 17. Qxc3 Qc7 18. g5 Rb8+ 19. Kc1 Ne8 20. Kd2 Rc8 21.
Qb3 Bxd4 22. Bxd4 Qa5+ 23. Kc1 Be6 24. h4 Bxc4 25. Qb7 Rc7 26. Qb8 Bb5 27. Bb2
Qa6 28. Rd5 Ba4 29. Rd2 Bb5 30. Rd5 Ba4 31. Rd2 Bb5 1/2-1/2

[Event "2015 Battle of Alberta"]
[Site "Red Deer"]
[Date "2015.09.12"]
[Round "2.8"]
[White "Gardner, Robert"]
[Black "Rekhson, Vladislav"]
[Result "1-0"]
[WhiteElo "2256"]
[BlackElo "2207"]
[PlyCount "65"]
[EventDate "2015.09.12"]
[EventType "team-match"]
[EventRounds "2"]
[EventCountry "CAN"]
[WhiteTeam "North"]
[BlackTeam "South"]
[WhiteTeamCountry "CAN"]
[BlackTeamCountry "CAN"]

1. d4 d5 2. c4 e6 3. Nc3 Be7 4. cxd5 exd5 5. Bf4 c6 6. e3 Nf6 7. Bd3 O-O 8. Qc2
Re8 9. Nge2 Be6 10. f3 Nbd7 11. g4 Nf8 12. O-O Bd6 13. Rae1 Rc8 14. Bg3 Bxg3
15. hxg3 h6 16. Kg2 c5 17. dxc5 Rxc5 18. Nd4 N8d7 19. Rh1 Ne5 20. Rh4 Nc4 21.
b3 Nxe3+ 22. Rxe3 Qa5 23. Qd2 Rxc3 24. Qxc3 Qxc3 25. Bh7+ Nxh7 26. Rxc3 Re7 27.
Rh1 Ng5 28. Rhc1 Re8 29. Rc7 Rb8 30. f4 Ne4 31. Nxe6 fxe6 32. Re7 Rd8 33. Rcc7
1-0

[Event "2015 Battle of Alberta"]
[Site "Red Deer"]
[Date "2015.09.12"]
[Round "2.10"]
[White "Hughey, Micah"]
[Black "Kostadinov, Georgi"]
[Result "1-0"]
[WhiteElo "2148"]
[BlackElo "2091"]
[PlyCount "67"]
[EventDate "2015.09.12"]
[EventType "team-match"]
[EventRounds "2"]
[EventCountry "CAN"]
[WhiteTeam "North"]
[BlackTeam "South"]
[WhiteTeamCountry "CAN"]
[BlackTeamCountry "CAN"]

1. e4 c5 2. Nf3 d6 3. c3 Qa5 4. h3 Nc6 5. Bd3 g6 6. O-O Bg7 7. Bc2 b5 8. d4
cxd4 9. cxd4 Bb7 10. d5 Ne5 11. Nxe5 Bxe5 12. Nc3 a6 13. f4 Bg7 14. Be3 Nh6 15.
f5 Ng8 16. g4 Nf6 17. e5 dxe5 18. g5 Nh5 19. Bc5 Nf4 20. Rxf4 exf4 21. f6 Bf8
22. Qd4 e5 23. Qxe5+ Kd7 24. b4 Re8 25. Bf5+ gxf5 26. Qxf5+ Kd8 27. Be7+ Rxe7
28. fxe7+ Bxe7 29. bxa5 Rg8 30. h4 h6 31. Qxf7 Rf8 32. Qe6 Bc5+ 33. Kh2 hxg5
34. Ne4 1-0

[Event "2015 Battle of Alberta"]
[Site "Red Deer"]
[Date "2015.09.12"]
[Round "2.11"]
[White "Daniluk, Jim"]
[Black "Briones, Dante"]
[Result "1-0"]
[WhiteElo "2019"]
[BlackElo "1987"]
[PlyCount "84"]
[EventDate "2015.09.12"]
[EventType "team-match"]
[EventRounds "2"]
[EventCountry "CAN"]
[WhiteTeam "South"]
[BlackTeam "North"]
[WhiteTeamCountry "CAN"]
[BlackTeamCountry "CAN"]

1. d4 Nf6 2. Nf3 g6 3. c4 Bg7 4. Nc3 d6 5. h3 Nbd7 6. e4 e5 7. Be3 exd4 8. Nxd4
Nc5 9. Qc2 O-O 10. O-O-O Re8 11. f3 c6 12. Nxc6 bxc6 13. Bxc5 Bh6+ 14. Kb1 dxc5
15. Rxd8 Rxd8 16. Bd3 Be6 17. Rd1 Nd7 18. Na4 Be3 19. Qe2 Bd4 20. f4 f6 21. Kc2
Rab8 22. b3 Rb7 23. Qf3 Rc7 24. Nc3 Rb8 25. Bf1 f5 26. e5 Kh8 27. Ne2 Bxc4 28.
Nxd4 Bd5 29. Qc3 cxd4 30. Rxd4 Nb6 31. Bc4 Bxg2 32. e6 Rg7 33. e7 Nd5 34. Bxd5
cxd5 35. Rb4 Re8 36. Qe5 Be4+ 37. Kb2 d4 38. Rb8 Bc6 39. Rxe8+ Bxe8 40. Qxd4 a6
41. Qd8 Rg8 42. a4 Bxa4 1-0

[Event "2015 Battle of Alberta"]
[Site "Red Deer"]
[Date "2015.09.12"]
[Round "2.12"]
[White "Zeggelaar, Mike"]
[Black "Fellah, Mohamad"]
[Result "0-1"]
[WhiteElo "1985"]
[BlackElo "1897"]
[PlyCount "72"]
[EventDate "2015.09.12"]
[EventType "team-match"]
[EventRounds "2"]
[EventCountry "CAN"]
[WhiteTeam "North"]
[BlackTeam "South"]
[WhiteTeamCountry "CAN"]
[BlackTeamCountry "CAN"]

1. e4 c5 2. Nc3 d6 3. f4 g6 4. Nf3 Bg7 5. Bc4 e6 6. O-O Ne7 7. d3 Nbc6 8. Qe1
O-O 9. Bd2 Rb8 10. a3 a6 11. Qh4 Nd4 12. f5 gxf5 13. Bh6 Ng6 14. Qh5 Nxf3+ 15.
Rxf3 Qh4 16. Qxh4 Nxh4 17. Rg3 Ng6 18. Bxg7 Kxg7 19. exf5 exf5 20. Re1 b5 21.
Bb3 Bb7 22. Rf1 Bc8 23. Re1 f4 24. Rf3 Bb7 25. Bd5 b4 26. Bxb7 bxc3 27. Bxa6
Rxb2 28. Rf2 Ra8 29. Bc4 Rxa3 30. g3 Ne5 31. Rxf4 Rxc2 32. Ref1 Rd2 33. Bxf7 c2
34. Bh5 Rc3 35. d4 cxd4 36. Rf5 c1=Q 0-1